000 00721nam a22002417a 4500
003 UA-OsUOA
001 46232
007 ta
008 20120207b un ||||| |||| 00| 0 ukr d
100 _aГотур Я.
090 _a09.-82-32
_bГ74
942 _cBR
040 _aUA-OsUOA
_bukr
_cUA-OsUOA
_dUA-OsUOA
245 _aОльга
_bоповідання з часів німецької окупації Західної України
300 _a47 с.
955 _a4
041 _aukr
080 _a09.-82-32
260 _c1947
650 7 _a0 Загальний відділ.
_2UDC
999 _c426338
_d426338